000 00469nam a22001577a 4500
003 macl
005 20200617123942.0
008 200617b xxu||||| |||| 00| 0 eng d
040 _cmacl
082 _a610
100 _aसिंह,वीरेन्‍द्र
_967491
245 _aघर का वैध
260 _aदिल्‍ली
_bअनुराग प्रकाशन
_c2019
650 _aमेडिकल सांइस
_9242
942 _2ddc
_cHIN
999 _c62466
_d62466